000 00485nam a2200217Ia 4500
003 0100
008 130227s9999 xx 000 0 und d
040 _cARRUPELIB
050 _aBT102.W881 2011
100 _aWood, W. Jay
245 _aGod
260 _aDurham
260 _bAcumen Publishing Limited
260 _C2011
300 _a250p.
300 _b 24cm.
440 _aCentral problems of philosophy
650 _bSocialism
650 _cUtopias
942 _2lcc
_02
999 _c6343
_d6343